000 01090nam a22003258i 4500
001 BK0022215936
005 20180809132232.0
008 180712s2018 enk 000 1 eng d
010 _abl2018145780
020 _a9781499861297 : HRD
_c28.99
020 _a149986129X : HRD
_c28.99
037 _bSimon & Schuster, Order Dept 100 Front st, Riverside, NJ, USA, 08075
_nSAN 200-2442
040 _aNjBwBT
_beng
_cNjBwBT
_erda
050 1 4 _aPR9405.9.S5
_bC68 2018
082 0 4 _a823/.914
_223
092 _a823.9140
100 1 _aSmith, Wilbur A,
_eauthor.
245 1 0 _aCourtney's war /
_cWilbur Smith with David Churchill.
264 1 _aLondon :
_bZaffre,
_c2018.
300 _apages cm.
336 _atext
337 _aunmediated
338 _avolume
490 1 _aThe Courtney series
650 0 _aCourtney family (Fictitious characters)
_vFiction.
650 0 _aWorld War, 1939-1945
_vFiction.
655 7 _aHistorical fiction.
_2gsafd
700 1 _aChurchill, David,
_d1959-
_eauthor.
800 1 _aSmith, Wilbur A.
_tCourtney family novel.
999 _c235505
_d235505